000 01027nam a2200265Ia 4500
003 OSt
005 20211110094320.0
008 210310s1960 ck gr 000 0 spa d
040 _aCO-JMCR
_cCO-JMCR
041 0 _aspa
082 0 4 _a336.861 /
_bH117c
_223
110 2 _aColegio Mayor de Nuestra Señora del Rosario
_941459
245 1 0 _aConferencias de :
_bHacienda Pública /
_cColegio Mayor de Nuestra Señora del Rosario, Arcesio Londoño Palacio
250 _a1ª. edición.
260 _c1960.
_aBogotá :
_bEdiciones Rosarisatas,
300 _a301 páginas ;
_c22 cm.
490 0 _aColección,
_aEdiciones Rosaristas
500 0 _a(Edición privada)
505 0 _aEl presupuesto del estado. -- El régimen presupuestal en Colombia. --El régimen presupuestal en Colombia.
650 1 4 _aRégimen presupuestal
_zColombia
_96918
650 2 4 _aPresupuesto
_zColombia
_99328
650 2 4 _aPresupuesto
_xConferencia
_zColombia
_941460
700 1 _aLondoño Palacio, Arcesio,
_eCoautor
_941461
942 _2ddc
_cBK
999 _c12710
_d12710